Southville International School and Colleges
Your cart is empty.
  • Cart
  • Lists
    Public lists Eva Luna New books Lux_list list_1
    Your lists Log in to create your own lists
  • Log in to your account
  • Your cookies
  • Search history
Southville International School and Colleges
  • Advanced search
  • Recent comments
  • Most popular
  • Libraries

Log in to your account

Log in with GOOGLE


If you do not have an external account, but do have a local account, you can still log in:

  1. Home
  2. MARC view: Community pharmacy handbook
Normal view MARC view ISBD view

Community pharmacy handbook (Record no. 13389)

[ view plain ]
MARC details
000 -LEADER
fixed length control field 01209nam a2200337 a 4500
001 - CONTROL NUMBER
control field 8162051
003 - CONTROL NUMBER IDENTIFIER
control field OSt
005 - DATE AND TIME OF LATEST TRANSACTION
control field 20140310182432.0
006 - FIXED-LENGTH DATA ELEMENTS--ADDITIONAL MATERIAL CHARACTERISTICS--GENERAL INFORMATION
fixed length control field m d
007 - PHYSICAL DESCRIPTION FIXED FIELD--GENERAL INFORMATION
fixed length control field cr n
008 - FIXED-LENGTH DATA ELEMENTS--GENERAL INFORMATION
fixed length control field 080227s2008 enka ob 001 0 eng d
015 ## - NATIONAL BIBLIOGRAPHY NUMBER
National bibliography number GBA826073
Source bnb
016 7# - NATIONAL BIBLIOGRAPHIC AGENCY CONTROL NUMBER
Record control number 014532037
Source Uk
020 ## - INTERNATIONAL STANDARD BOOK NUMBER
International Standard Book Number 9780853697169
020 ## - INTERNATIONAL STANDARD BOOK NUMBER
International Standard Book Number 0853697167
035 ## - SYSTEM CONTROL NUMBER
System control number (WaSeSS)ssj0000125933
040 ## - CATALOGING SOURCE
Original cataloging agency UKM
Transcribing agency UKM
Modifying agency BTCTA
-- BAKER
-- YDXCP
-- WaSeSS
042 ## - AUTHENTICATION CODE
Authentication code ukblsr
-- nlmcopyc
050 ## - LIBRARY OF CONGRESS CALL NUMBER
Classification number RS 91
Item number .W325 2008
100 1# - MAIN ENTRY--PERSONAL NAME
Personal name Waterfield, Jon.
9 (RLIN) 8658
245 10 - TITLE STATEMENT
Title Community pharmacy handbook
Medium [electronic resource] /
Statement of responsibility, etc Jon Waterfield.
260 ## - PUBLICATION, DISTRIBUTION, ETC. (IMPRINT)
Place of publication, distribution, etc London ;
-- Chicago :
Name of publisher, distributor, etc Pharmaceutical Press,
Date of publication, distribution, etc 2008.
300 ## - PHYSICAL DESCRIPTION
Extent 287 p. :
Other physical details ill. ;
Dimensions 24 cm.
506 ## - RESTRICTIONS ON ACCESS NOTE
Terms governing access Licensed for access by U. of T. users.
650 12 - SUBJECT ADDED ENTRY--TOPICAL TERM
Topical term or geographic name as entry element Community Pharmacy Services
9 (RLIN) 8659
650 22 - SUBJECT ADDED ENTRY--TOPICAL TERM
Topical term or geographic name as entry element Practice Management
9 (RLIN) 8660
856 40 - ELECTRONIC LOCATION AND ACCESS
Link text Scholars Portal Books: Pharmaceutical Press
Uniform Resource Identifier <a href="http://myaccess.library.utoronto.ca/login?url=http://books.scholarsportal.info/viewdoc.html?id=/ebooks/ebooks2/pharmpress/2011-02-24/1/9780853697169">http://myaccess.library.utoronto.ca/login?url=http://books.scholarsportal.info/viewdoc.html?id=/ebooks/ebooks2/pharmpress/2011-02-24/1/9780853697169</a>
942 ## - ADDED ENTRY ELEMENTS (KOHA)
Source of classification or shelving scheme Library of Congress Classification
Koha item type
949 ## - LOCAL PROCESSING INFORMATION (OCLC)
a [ID ssj0000125933]
c 1
l ONLINE
m E_RESOURCE
t E_RESOURCE
Holdings
Withdrawn status Lost status Source of classification or shelving scheme Damaged status Home library Current library Shelving location Date acquired Total Checkouts Full call number Barcode Date last seen Copy number Price effective from Koha item type
    Library of Congress Classification   South SEED-LPDH College Library South SEED-LPDH College Library South SEED-LPDH College Section 07/09/2012   RS 91 .W325 2008 SSLC0483 04/20/2017 1 11/06/2013 Books

Community pharmacy handbook

APA

Waterfield J., . (2008). Community pharmacy handbook. London: Pharmaceutical Press.

Chicago

Waterfield Jon, . 2008. Community pharmacy handbook. London: Pharmaceutical Press.

Harvard

Waterfield J., . (2008). Community pharmacy handbook. London: Pharmaceutical Press.

MLA

Waterfield Jon, . Community pharmacy handbook. London: Pharmaceutical Press. 2008.

  • Place hold
  • Print
  • Cite
  • Add to your cart (remove)
  • Save record
    BIBTEX Dublin Core MARCXML MARC (non-Unicode/MARC-8) MARC (Unicode/UTF-8) MARC (Unicode/UTF-8, Standard) MODS (XML) RIS
  • More searches
    Search for this title in:
    Other Libraries (WorldCat) Other Databases (Google Scholar) Online Stores (Bookfinder.com) Open Library (openlibrary.org)

Exporting to Dublin Core...

SOUTHVILLE LIBRARY

Southville International School and Colleges Library

1281 Tropical Ave. Cor. Luxembourg St., BF Homes International, Las Pinas City

Tel. No. 8256374 / 252358 Loc. 117/146

Powered by Koha